| 000 | 00353nam a2200145Ia 4500 | ||
|---|---|---|---|
| 008 | 220216s9999 xx 000 0 und d | ||
| 100 | _aThomas K.K. | ||
| 245 | 4 | _aThe Story of rubber. 3. Belated recognition to Fresneau | |
| 260 |
_bRubber _c2003 |
||
| 300 | _a30-33 | ||
| 650 | _aBiography | ||
| 650 | _aFresneau | ||
| 650 | _aHistory | ||
| 942 | _cML | ||
| 999 |
_c72979 _d72979 |
||